| 000 | 01101cam a2200313 4500 | ||
|---|---|---|---|
| 008 | 090401t1999 xxu||||| |||| 00| 0 eng d | ||
| 020 | _a0854069186 | ||
| 022 | 0 | _a1354-506X | |
| 035 | _a(Sirsi) u89569 | ||
| 041 | 0 | _aeng | |
| 050 | 0 | 4 | _a333.70285 $2 18 |
| 110 | 2 |
_aRoyal Institution of Chartered Surveyors _94900 |
|
| 240 | 0 | 0 | _aUsing geographical information for site selection |
| 245 | 0 | 0 |
_aUsing geographic information systems for site selection _bhow can geographic systems be of use in selecting suitable retail sites _bwhat lessons can we learn from the use of similar systems in other areas? |
| 260 |
_aLondon _bRICS _c1999 |
||
| 300 |
_a18p. _bill. _c30cm. |
||
| 350 | _a6.95 | ||
| 490 | 0 | _aRICS Foundation Research Review Series | |
| 520 | _aWithdrawn November 2007. | ||
| 690 | _aENVIRONMENTAL AND LAND CONSULTANCY-GEOMATICS-GEOGRAPHIC INFORMATION SCIENCE | ||
| 700 | 1 | _aBuchanan, Hugh | |
| 700 | 1 | _aFairbairn, David | |
| 700 | 1 | _aParker, David | |
| 700 | 1 | _aTaylor, George | |
| 700 | 1 | _aStevenson, Paul | |
| 700 | 1 | _aWall, Jason | |
| 942 | _n0 | ||
| 948 | _c10/11/1998 | ||
| 999 |
_c97474 _d97474 |
||